00377nam a2200145Ia 4500008004100000020001500041041001200056082001600068100001600084245007500100250000800175260002500183300000800208650001500216221030s9999 xx 000 0 und d a0070593884 aEnglish a105.23bPhi aJ. Phillips 0aI.T Project Management : On Track from Start To Finishcby J. Phillips a2nd bTMHaNew Delhic2004 a549 aManagement